Aufgabensammlung zur hoheren algebra
Αποθηκεύτηκε σε:
| Κύριοι συγγραφείς: | , |
|---|---|
| Μορφή: | Βιβλίο |
| Γλώσσα: | German |
| Δημοσίευση: |
Berlin :
W. de Gruyter & Co.,
1952
|
| Έκδοση: | 2η έκδ., βελτ. και επαυξ. |
| Σειρά: | Sammlung Goschen
; 1082 |
| Θέματα: | |
| Ετικέτες: |
Προσθήκη ετικέτας
Δεν υπάρχουν, Καταχωρήστε ετικέτα πρώτοι!
|
MARC
| LEADER | 00000cam a2200000 a 4500 | ||
|---|---|---|---|
| 001 | 1/106601 | ||
| 008 | 150528s1952####gw | ||| |||| ||ger|| | ||
| 040 | |a GR-MyUa |b gre |c GR-MyUa |e AACR2 | ||
| 041 | 0 | |a ger | |
| 082 | 7 | |a 512.9 |2 (23) | |
| 100 | 1 | |a Hasse, Helmut, |d 1898-1979. | |
| 245 | 1 | 0 | |a Aufgabensammlung zur hoheren algebra / |c von Helmut Hasse und Walter Klobe. |
| 250 | |a 2η έκδ., βελτ. και επαυξ. | ||
| 260 | |a Berlin : |b W. de Gruyter & Co., |c 1952 | ||
| 300 | |a 181 σ. ; |c 16 εκ. | ||
| 490 | 1 | |a (Sammlung Goschen) |v ; 1082 | |
| 650 | 0 | |a Algebra |x Problems, exercises, etc. | |
| 700 | 1 | |a Klobe, Walter, |e aut | |
| 830 | 0 | |a Sammlung Goschen |v ; 1082 | |
| 852 | |a INST |b SAMOS |c MAG |e 20150528 |h 512.9 HAS |p 005300034616 |q 005300034616 |t BK |y 0 | ||
| 970 | |a Σιτζίμη |b Γιασεμή |z 2015/05/28 | ||